| 000 | 00789nam a2200229 a 4500 | ||
|---|---|---|---|
| 005 | 20220929063749.0 | ||
| 008 | 991125s1978 bar 000 0 spa u | ||
| 020 | _a8432005274 | ||
| 035 | _aUPN01000018078 | ||
| 049 | _aCG | ||
| 050 | 4 |
_aLB1105 _bP3.2 no.56 |
|
| 100 | 1 | _aGuéron, Geneviéve | |
| 245 | 1 | 0 |
_aEducación sin fronteras / _cGeneviéve Guéron, Rachel Cohen y Jean Meyer ; tr. Elena Barceló. |
| 260 |
_aBarcelona, Esp. : _bPlaneta, _c1978. |
||
| 300 | _a202 p. | ||
| 440 | 0 |
_aPaideia. _pBiblioteca práctica de pedagogía, psicología y psicopatologia de la infancia ; _v56 |
|
| 650 | 4 |
_aInnovaciones educativas _9386 |
|
| 650 | 7 |
_aEducación internacional _2 _97351 |
|
| 700 | 1 |
_aCohen, Rachel, _ecoaut. |
|
| 700 | 1 |
_aMeyer, Jean, _d1942- _ecoaut. _929319 |
|
| 905 | _aLibro | ||
| 999 |
_c18078 _d18078 |
||